000 00718nam a2200301Ia 4500
005 20260330160931.0
008 008 300114s9999 xx 000 0 eng d
020 _a9789364445955
037 _aEBOOK
040 _aCRL
040 _beng
040 _cCRL
041 _2eng
041 _aeng
084 _qCRL
100 _aBanerjee
245 0 _aMachine Learning: For Business Applications
250 _a1
260 _bMcgraw Hill
260 _c2025
365 _aINR
365 _b54600
650 _aIT for Management
856 _uhttps://resolver.vitalsource.com/9789364445955/?brand=mcgrawhillindia.vitalsource.com
942 _cEBOOK
999 _c1844348
_d1844348